00529nam a2200181Ia 450000500170000000800410001702000140005808200130007224500270008526000390011230000160015165000280016765000130019570000250020894200060023395200950023999900130033420240625073210.0240331s9999 xx 000 0 und d a394604652 a100bPHI 4aThe Philosophy of Kant aNew YorkbThe modern libraryc1949 al, 476 p ., aMetaphysics of morality apolitics aFriedrich, C.J,eedt cL 001040708LaWERCLbWERCLcSSCd2024-03-31l0o 100 PHIp1175r2024-03-31w2024-03-31yL c686d686